|
|
|
|
| LEADER |
01924nam a2200313 a 4500 |
| 001 |
0012834 |
| 003 |
BD-DhAAL |
| 008 |
091122s2000 bg a b 000 0 eng d |
| 020 |
|
|
|a 9840515411
|
| 040 |
|
|
|a DLC
|c DLC
|d BD-DhAAL
|
| 082 |
0 |
0 |
|a 338.95492
|2 21
|
| 245 |
0 |
0 |
|a Trends in the post-flood economy :
|b a review of Bangladesh's development, 1998-99 /
|c edited by Rehman Sobhan.
|
| 264 |
|
|
|a Dhaka :
|b Centre for Policy Dialogue :
|b University Press,
|c 2000.
|
| 300 |
|
|
|a xiii, 97 pages :
|b illustrations ;
|c 25 cm.
|
| 504 |
|
|
|a Includes bibliographical references.
|
| 526 |
|
|
|a BIED
|
| 541 |
1 |
|
|a Complimentary copy from BIED, The University Press Limited
|e 14745, 17021, 35888
|
| 651 |
|
0 |
|a Bangladesh
|x Economic policy.
|9 39677
|
| 651 |
|
0 |
|a Bangladesh
|x Economic conditions.
|9 39678
|
| 700 |
1 |
|
|a Sobhan, Rehman.
|9 39679
|
| 710 |
2 |
|
|a Centre for Policy Dialogue (Bangladesh).
|9 39680
|
| 852 |
4 |
|
|a Ayesha Abed Library
|c General Stacks
|
| 942 |
|
|
|2 ddc
|c BK
|
| 999 |
|
|
|c 5789
|d 5789
|
| 952 |
|
|
|0 0
|1 0
|2 ddc
|4 0
|6 338_954920000000000_TRE
|7 0
|9 5739
|a BRACUL
|b BRACUL
|c GEN
|d 2009-11-22
|g 200.00
|l 0
|o 338.95492 TRE
|p 3010014745
|r 2009-11-22
|t 2
|v 400.00
|w 2009-11-22
|y BK
|
| 952 |
|
|
|0 0
|1 0
|2 ddc
|4 0
|6 338_954920000000000_TRE
|7 0
|9 5740
|a BRACUL
|b BRACUL
|c GEN
|d 2009-11-22
|g 0.00
|l 0
|o 338.95492 TRE
|p 3010012834
|r 2009-11-22
|t 1
|w 2009-11-22
|y BK
|x No price found in the accession register.
|
| 952 |
|
|
|0 0
|1 0
|2 ddc
|4 0
|6 338_954920000000000_TRE
|7 0
|9 43020
|a SCL
|b SCL
|c GEN
|d 2005-02-13
|g 200.00
|l 0
|o 338.95492 TRE
|p 3020005172
|r 2014-07-08
|t 4
|w 2014-07-08
|y BK
|
| 952 |
|
|
|0 0
|1 0
|2 ddc
|4 0
|6 338_954920000000000_TRE
|7 0
|9 68070
|a BRACUL
|b BRACUL
|c GEN
|d 2020-03-02
|e Complimentary copy from BIED
|l 0
|o 338.95492 TRE
|p 3010035888
|r 2020-03-02
|t 5
|w 2020-03-02
|y BK
|x Transferred from BIED to General Stacks
|
| 952 |
|
|
|0 0
|1 0
|2 ddc
|4 0
|6 338_954920000000000_TRE
|7 0
|9 75590
|a BRACUL
|b BRACUL
|c GEN
|d 2024-06-03
|e The University Press Limited
|g 200.00
|l 0
|o 338.95492 TRE
|p 3010017021
|r 2024-06-03
|t 3
|w 2024-06-03
|y BK
|